Famous Landmarks Quiz - Statistics

General Stats
  • This quiz has been taken 324 times
  • The average score is 8 of 10
Answer Stats
Question Answer % Correct
The Eiffel Tower is located in which city? Paris
96%
The Sydney Opera House is located in which country? Australia
91%
The Colosseum is an ancient amphitheater located in which city? Rome
89%
Christ the Redeemer statue overlooks the city of Rio de Janeiro in which country? Brazil
88%
The Statue of Liberty was a gift to the United States from which country? France
86%
Machu Picchu is an ancient Incan citadel located in which country? Peru
85%
The Pyramids of Giza are located near which modern-day city? Cairo
81%
Stonehenge is a prehistoric monument located in which country? England
68%
The Taj Mahal is a white marble mausoleum located in which city? Agra
49%
The Great Wall of China was primarily built to protect against invasions from which direction? North
46%
No matching quizzes found
Score Distribution
Percent of People with Each Score
Percentile by Number Answered
Your Score History
You have not taken this quiz